Manual de neurología clínica
Gardado en:
| Autor Principal: | |
|---|---|
| Formato: | Libro |
| Idioma: | Lingua castelá |
| Publicado: |
Santiago
Mediterráneo
1997
|
| Edición: | 2a. ed |
| Subjects: | |
| Tags: |
Engadir etiqueta
Sen Etiquetas, Sexa o primeiro en etiquetar este rexistro!
|
MARC
| LEADER | 00000nam a2200000 a 4500 | ||
|---|---|---|---|
| 001 | UCH3238 | ||
| 003 | CL-VaPUC | ||
| 008 | 090722e19970000CL |||||||||||||||||spa|d | ||
| 020 | |a 9562201376 | ||
| 082 | 0 | 4 | |a 616.8 |b GAL |2 21 |
| 100 | |a Galdames Poblete, Daniel |e author |9 460510 | ||
| 245 | 1 | 0 | |a Manual de neurología clínica |
| 250 | |a 2a. ed | ||
| 300 | |a 420 p | ||
| 942 | |c BK | ||
| 945 | |d 20090722 00:00:00 |a cmena | ||
| 260 | |a Santiago |b Mediterráneo |c 1997 | ||
| 650 | 0 | |a Neurología |9 269802 | |
| 650 | 7 | |a ENFERMEDADES DEL SISTEMA NERVIOSO |2 CL-VaPUC |9 269801 | |
| 650 | 0 | |a Cefalalgia (Cefalea) |9 407168 | |
| 650 | 0 | |a Vértigo |9 429241 | |
| 650 | 7 | |a COMA |2 CL-VaPUC |9 538520 | |
| 650 | 7 | |a MUERTE CEREBRAL |2 CL-VaPUC |9 538521 | |
| 650 | 0 | |a Enfermedades neuromusculares |9 342045 | |
| 650 | 7 | |a TRAUMATISMO ENCEFALOCRANEANO |2 CL-VaPUC |9 538522 | |
| 650 | 7 | |a TRAUMATISMO RAQUIMEDULAR |2 CL-VaPUC |9 538523 | |
| 650 | 0 | |a Columna vertebral |9 307410 | |
| 650 | 0 | |a Sistema nervioso central |9 312521 | |
| 650 | 7 | |a MENINGITIS |2 CL-VaPUC |9 361627 | |
| 650 | 7 | |a ELECTROENCEFALOGRAFIA |2 CL-VaPUC |9 343857 | |
| 583 | |a last modification |c 20090722 00:00:00 |k Rodrigo Vera | ||
| 999 | |c 334855 |d 334853 | ||
| 952 | |0 0 |1 0 |4 0 |6 616_800000000000000_GAL_1997 |7 0 |8 A |9 424097 |a BIBCUR |b BIBCUR |d 2019-11-22 |i 1088572 |o 616.8 GAL 1997 |p 1088572 |r 2025-04-22 |w 2019-11-22 |y BK |k KIN | ||